[Event "IMSA Elite Mind Games (Blitz)"]
[Site "Huai'an CHN"]
[Date "2016.02.28"]
[EventDate "2016.02.28"]
[Round "9.1"]
[Result "1-0"]
[White "Ding Liren"]
[Black "Li Chao"]
[WhiteElo "2766"]
[BlackElo "2751"]
[PlyCount "85"]

1. c4 Nf6 2. Nc3 g6 3. e4 c5 4. Nf3 Bg7 5. d4 Qa5 6. Bd3 Nh5
7. Bc2 Nc6 8. d5 Nd4 9. Bd2 d6 10. Nxd4 cxd4 11. Ne2 Qc7
12. Bd3 O-O 13. O-O e5 14. dxe6 fxe6 15. Rc1 e5 16. c5 Be6
17. Bb4 d5 18. c6 Rfc8 19. Qd2 bxc6 20. Rc2 Nf6 21. Ng3 Qb7
22. Rfc1 c5 23. exd5 Bxd5 24. Rxc5 Rxc5 25. Rxc5 Bxg2 26. Rxe5
Bh3 27. Ne4 Nd5 28. Bd6 Rd8 29. Bc4 Bxe5 30. Bxe5 Qc8 31. Qh6
Qg4+ 32. Ng3 Qd1+ 33. Bf1 Rd7 34. Qxh3 Re7 35. Qc8+ Kf7
36. Bd6 Ne3 37. Bxe7 Nxf1 38. Qf8+ Ke6 39. Qf6+ Kd7 40. Qd6+
Ke8 41. Nxf1 d3 42. Bf6 Qe2 43. Qe5+ 1-0

[Event "IMSA Elite Mind Games (Blitz)"]
[Site "Huai'an CHN"]
[Date "2016.02.28"]
[EventDate "2016.02.28"]
[Round "10.8"]
[Result "1-0"]
[White "Ding Liren"]
[Black "Shakhriyar Mamedyarov"]
[WhiteElo "2766"]
[BlackElo "2747"]
[PlyCount "51"]

1. d4 Nf6 2. c4 e6 3. Nf3 b6 4. g3 Ba6 5. b3 Bb7 6. Bg2 Bb4+
7. Bd2 a5 8. O-O O-O 9. Bc3 d5 10. Bb2 a4 11. a3 Bd6 12. cxd5
exd5 13. b4 Re8 14. Nc3 Qd7 15. Rc1 Ne4 16. Ne5 Nxc3 17. Rxc3
Qb5 18. e4 f6 19. Ng4 dxe4 20. Ne3 Nd7 21. Qg4 g6 22. Rfc1 f5
23. Qg5 Nf8 24. Rxc7 Ne6 25. Qf6 Nxc7 26. d5 1-0

[Event "IMSA Elite Mind Games (Blitz)"]
[Site "Huai'an CHN"]
[Date "2016.02.29"]
[EventDate "2016.02.28"]
[Round "11.2"]
[Result "1/2-1/2"]
[White "Leinier Dominguez Perez"]
[Black "Ding Liren"]
[WhiteElo "2732"]
[BlackElo "2766"]
[PlyCount "56"]

1. d4 d5 2. c4 c6 3. Nf3 Nf6 4. e3 e6 5. b3 Nbd7 6. Bd3 Bd6
7. Bb2 O-O 8. O-O b6 9. Nbd2 Bb7 10. Ne5 c5 11. Nxd7 Nxd7
12. cxd5 Bxd5 13. Qe2 cxd4 14. Bxd4 Nc5 15. Bc2 Rc8 16. Rfd1
Qh4 17. h3 Rfd8 18. Rac1 e5 19. Bb2 e4 20. Nc4 Bb8 21. Rd2 Be6
22. Rcd1 Rxd2 23. Rxd2 Qg5 24. Kh1 Qh4 25. Kg1 Qg5 26. Kh1 Qh4
27. Kg1 Qg5 28. Kh1 Qh4 1/2-1/2

[Event "IMSA Elite Mind Games (Blitz)"]
[Site "Huai'an CHN"]
[Date "2016.02.29"]
[EventDate "2016.02.28"]
[Round "12.7"]
[Result "1-0"]
[White "Ding Liren"]
[Black "Evgeny Tomashevsky"]
[WhiteElo "2766"]
[BlackElo "2728"]
[PlyCount "122"]

1. Nf3 Nf6 2. c4 e6 3. d4 b6 4. g3 Ba6 5. b3 d5 6. cxd5 exd5
7. Bg2 Bb4+ 8. Bd2 Bxd2+ 9. Qxd2 Ne4 10. Qb2 O-O 11. O-O c5
12. Nc3 Nxc3 13. Qxc3 Bxe2 14. Rfe1 Bxf3 15. Qxf3 Nd7 16. Qxd5
Rc8 17. Rad1 cxd4 18. Qxd4 Nf6 19. Qb4 Qc7 20. Re7 Qc2 21. Qd2
a5 22. Bf1 Qxd2 23. Rxd2 Rfe8 24. Rb7 Rb8 25. Ra7 Ra8 26. Rc7
Rac8 27. Rdc2 Rxc7 28. Rxc7 Kf8 29. Bc4 Re7 30. Rc8+ Re8
31. Rc6 Nd7 32. Rc7 Rd8 33. Rb7 Ke7 34. Bb5 Kd6 35. a4 g6
36. h4 h5 37. Bxd7 Rxd7 38. Rxb6+ Ke5 39. Rb5+ Rd5 40. Rb7 Ke6
41. Kg2 Rd3 42. b4 axb4 43. Rxb4 Ra3 44. Re4+ Kd5 45. Rf4 Ke6
46. Kf1 Ra2 47. Ke1 f6 48. Re4+ Kf5 49. Rf4+ Ke5 50. Rb4 Kf5
51. Kf1 Ke5 52. Kg2 Ra3 53. Rb5+ Ke6 54. a5 Kf7 55. Rb7+ Ke6
56. Rb6+ Kf5 57. Rb5+ Ke6 58. Rc5 Kd6 59. Rb5 Ke6 60. Rb6+ Ke5
61. Ra6 Kf5 1-0

[Event "IMSA Elite Mind Games (Blitz)"]
[Site "Huai'an CHN"]
[Date "2016.02.29"]
[EventDate "2016.02.28"]
[Round "13.3"]
[Result "1/2-1/2"]
[White "Wang Yue"]
[Black "Ding Liren"]
[WhiteElo "2718"]
[BlackElo "2766"]
[PlyCount "114"]

1. d4 d5 2. c4 c6 3. cxd5 cxd5 4. Bf4 Nc6 5. e3 Nf6 6. Nc3 Bf5
7. Be2 e6 8. Qb3 Bb4 9. Nf3 O-O 10. O-O Qe7 11. Rfc1 Rfc8
12. a3 Bxc3 13. Qxc3 Ne4 14. Qe1 g5 15. Bg3 h5 16. h4 g4
17. Nd2 Nxg3 18. fxg3 e5 19. Qf2 Bg6 20. Nb3 b6 21. Bb5 Nd8
22. Ba6 Rxc1+ 23. Rxc1 exd4 24. Nxd4 Ne6 25. Nc6 Qc7 26. Kh2
Nc5 27. Qf6 Re8 28. Nd4 Rxe3 29. Nf5 Qe5 30. Qg5 Re4 31. Bc8
Qxb2 32. Nh6+ Kg7 33. Nf5+ Kg8 34. Nh6+ Kg7 35. Nf5+ Kg8
36. Nh6+ Kg7 37. Rf1 f6 38. Nf5+ Kf7 39. Qh6 Bxf5 40. Bxf5 Re2
41. Bg6+ Ke6 42. Rg1 Qe5 43. Bxh5 Ne4 44. Bxg4+ Kd6 45. Qf4
Rf2 46. Bf3 Qxf4 47. gxf4 f5 48. h5 Rc2 49. h6 Rc7 50. Bxe4
dxe4 51. Kg3 Rh7 52. Rd1+ Ke6 53. Rc1 Kd5 54. Rd1+ Kc5
55. Rc1+ Kd5 56. Rd1+ Kc5 57. Rc1+ Kd5 1/2-1/2

[Event "IMSA Elite Mind Games (Blitz)"]
[Site "Huai'an CHN"]
[Date "2016.02.29"]
[EventDate "2016.02.28"]
[Round "14.6"]
[Result "0-1"]
[White "Ding Liren"]
[Black "Vassily Ivanchuk"]
[WhiteElo "2766"]
[BlackElo "2710"]
[PlyCount "206"]

1. d4 d5 2. c4 Nc6 3. cxd5 Qxd5 4. e3 e5 5. Nc3 Bb4 6. a3
Bxc3+ 7. bxc3 Nf6 8. c4 Qd8 9. d5 Nb8 10. Bb2 Nbd7 11. Nf3 Qe7
12. Be2 Ne4 13. O-O f6 14. a4 b6 15. Ba3 Ndc5 16. Ne1 Bf5
17. Rc1 Nd6 18. f3 Ndb7 19. e4 Bd7 20. Nd3 Bxa4 21. Qd2 Bd7
22. Qe3 O-O 23. Ra1 a5 24. Rfb1 Ra7 25. Bd1 Rfa8 26. h4 a4
27. h5 h6 28. Ra2 Be8 29. g4 Bd7 30. Rg2 Ra5 31. Bc2 Qd8
32. Nf2 Nd6 33. Qc3 Qe7 34. Nd3 Ndb7 35. Bb4 R5a7 36. Qa3 Qd8
37. Nf2 Nd6 38. Bxc5 bxc5 39. Qxc5 a3 40. Ra1 a2 41. Nd1 Ra3
42. Qb4 Rxf3 43. c5 Nf7 44. Qc4 Ng5 45. Rxa2 Rxa2 46. Qxa2 Qb8
47. Qc4 Qa7 48. Rd2 Kh7 49. Nf2 Qa3 50. Rd3 Qc1+ 51. Kg2 Qf4
52. Rxf3 Qxf3+ 53. Kg1 Qg3+ 54. Kf1 Bxg4 55. Nxg4 Qxg4 56. d6
Qf3+ 57. Ke1 Qe3+ 58. Kd1 Nf3 59. Qb4 cxd6 60. cxd6 Nd4
61. Qc4 Qg1+ 62. Kd2 Qf2+ 63. Kc1 Qe1+ 64. Kb2 Qd2 65. d7 Nxc2
66. Qd5 Nd4+ 67. Ka3 Qc3+ 68. Ka4 Nc6 69. Kb5 Nd8 70. Kb6 Qd4+
71. Kc7 Qxd5 72. exd5 Nf7 73. d6 e4 74. d8=Q Nxd8 75. Kxd8 e3
76. d7 e2 77. Kc8 e1=Q 78. d8=Q Qe6+ 79. Kb7 Qe4+ 80. Kb6 Qf5
81. Qe8 Qd3 82. Qf7 Qe4 83. Kb5 f5 84. Qg6+ Kg8 85. Kc5 Kf8
86. Kb5 Qd5+ 87. Kb4 f4 88. Qg4 Qe4+ 89. Kc3 Kf7 90. Qd7+ Kf6
91. Qd8+ Kf5 92. Qf8+ Kg4 93. Qxg7+ Kxh5 94. Qf7+ Kg4 95. Qg7+
Kf3 96. Qxh6 Qe3+ 97. Kc2 Kg2 98. Qg6+ Kf2 99. Qh6 Qe4+
100. Kd2 Qd4+ 101. Kc2 f3 102. Qh2+ Ke1 103. Qg3+ Qf2+ 0-1

[Event "IMSA Elite Mind Games (Blitz)"]
[Site "Huai'an CHN"]
[Date "2016.02.29"]
[EventDate "2016.02.28"]
[Round "15.4"]
[Result "1/2-1/2"]
[White "Rauf Mamedov"]
[Black "Ding Liren"]
[WhiteElo "2650"]
[BlackElo "2766"]
[PlyCount "85"]

1. e4 e5 2. Nc3 Nf6 3. g3 d5 4. exd5 Nxd5 5. Bg2 Nf6 6. Nf3
Nc6 7. d3 Bc5 8. O-O O-O 9. Be3 Bb6 10. Re1 Re8 11. h3 h6
12. g4 Nd4 13. Na4 Nxf3+ 14. Qxf3 Bxe3 15. Rxe3 Bd7 16. Nc3
Bc6 17. Qg3 Bxg2 18. Qxg2 c6 19. Rae1 Qd6 20. Qg3 Qb4 21. Rb1
Qd4 22. Rbe1 Qb4 23. Rb1 Qd4 24. a3 Re6 25. Rbe1 Rae8 26. Qf3
g6 27. Qe2 Kg7 28. Qf3 a5 29. Qg3 b5 30. Nd1 b4 31. axb4 axb4
32. c3 Qd6 33. d4 exd4 34. Qxd6 Rxd6 35. Rxe8 Nxe8 36. Rxe8
dxc3 37. Re1 c2 38. Ne3 b3 39. Rc1 c5 40. Kf1 c4 41. Nxc2 bxc2
42. Rxc2 Rb6 43. Rxc4 1/2-1/2

[Event "IMSA Elite Mind Games (Blitz)"]
[Site "Huai'an CHN"]
[Date "2016.02.29"]
[EventDate "2016.02.28"]
[Round "16.5"]
[Result "0-1"]
[White "Ruslan Ponomariov"]
[Black "Ding Liren"]
[WhiteElo "2712"]
[BlackElo "2766"]
[PlyCount "48"]

1. e4 e5 2. Nc3 Nf6 3. f4 d5 4. exd5 e4 5. Qe2 Bf5 6. d3 Bb4
7. Bd2 O-O 8. dxe4 Bxc3 9. Bxc3 Nxe4 10. O-O-O Nxc3 11. bxc3
Re8 12. Qc4 Re4 13. Qb5 Nd7 14. Bd3 a6 15. Qa5 Rxf4 16. Ne2 b6
17. Qa3 Rf2 18. Rhf1 Qg5+ 19. Kb1 Rxf1 20. Rxf1 Bxd3 21. cxd3
Qxg2 22. Ng3 Qxd5 23. d4 Re8 24. Nf5 Qb5+ 0-1

[Event "IMSA Elite Mind Games (Blitz)"]
[Site "Huai'an CHN"]
[Date "2016.02.29"]
[EventDate "2016.02.28"]
[Round "17.5"]
[Result "1-0"]
[White "Ding Liren"]
[Black "Sergei Movsesian"]
[WhiteElo "2766"]
[BlackElo "2653"]
[PlyCount "67"]

1. Nf3 d5 2. c4 c6 3. e3 Nf6 4. Nc3 a6 5. d4 b5 6. b3 Bg4
7. Be2 Nbd7 8. h3 Bh5 9. g4 Bg6 10. Ne5 Nxe5 11. dxe5 Nd7
12. cxd5 cxd5 13. e6 fxe6 14. Bb2 Qb6 15. h4 h5 16. gxh5 Bf5
17. Nxd5 Qb7 18. Bf3 exd5 19. Bxd5 Qa7 20. Qf3 e6 21. Bxa8
Bb4+ 22. Ke2 O-O 23. Rag1 Nf6 24. Qb7 Bg4+ 25. Rxg4 Qxb7
26. Bxb7 Nxg4 27. Bf3 Nf6 28. Rc1 Rd8 29. Bd4 e5 30. Bxe5 Rd2+
31. Kf1 Rxa2 32. h6 Bf8 33. Rc8 Kf7 34. Bxf6 1-0

[Event "IMSA Elite Mind Games (Blitz)"]
[Site "Huai'an CHN"]
[Date "2016.02.29"]
[EventDate "2016.02.28"]
[Round "18.4"]
[Result "0-1"]
[White "Radoslaw Wojtaszek"]
[Black "Ding Liren"]
[WhiteElo "2727"]
[BlackElo "2766"]
[PlyCount "94"]

1. d4 d5 2. c4 c6 3. Nf3 Nf6 4. Nc3 e6 5. Bg5 h6 6. Bxf6 Qxf6
7. e3 g6 8. Be2 Nd7 9. O-O Bg7 10. e4 dxe4 11. Nxe4 Qf4
12. Qc2 f5 13. Ned2 c5 14. g3 Qc7 15. d5 O-O 16. dxe6 Nf6
17. Nh4 Kh7 18. Bd3 Bxe6 19. Rae1 Bf7 20. Ndf3 Rfe8 21. Ng2
Nd7 22. Nf4 Ne5 23. Nxe5 Rxe5 24. Rxe5 Qxe5 25. b3 Re8 26. h4
h5 27. Qe2 Qxe2 28. Bxe2 b6 29. Bf3 Bd4 30. Rd1 Kg7 31. Kg2
Re7 32. Rd2 Kf6 33. Re2 Rxe2 34. Bxe2 Ke5 35. Bf3 Bc3 36. Bd5
Be8 37. a4 Bd2 38. Ne2 f4 39. Ng1 Kd4 40. Nf3+ Kc3 41. Nxd2
Kxd2 42. gxf4 Kc3 43. Be4 Kxb3 44. f5 gxf5 45. Bxf5 Kxa4
46. Be6 a5 47. f4 Kb4 0-1

[Event "IMSA Elite Mind Games (Blitz)"]
[Site "Huai'an CHN"]
[Date "2016.02.29"]
[EventDate "2016.02.28"]
[Round "19.6"]
[Result "1/2-1/2"]
[White "Ding Liren"]
[Black "Pentala Harikrishna"]
[WhiteElo "2766"]
[BlackElo "2753"]
[PlyCount "51"]

1. d4 Nf6 2. c4 e6 3. Nf3 d5 4. Nc3 c5 5. cxd5 Nxd5 6. e4 Nxc3
7. bxc3 cxd4 8. cxd4 Bb4+ 9. Bd2 Bxd2+ 10. Qxd2 O-O 11. Rc1
Nc6 12. Be2 Qb6 13. O-O Rd8 14. d5 exd5 15. exd5 Be6 16. d6
Ne7 17. Rb1 Qxd6 18. Qxd6 Rxd6 19. Rxb7 Ng6 20. g3 Bxa2
21. Ra1 Bd5 22. Rbxa7 Rxa7 23. Rxa7 Bxf3 24. Bxf3 Rd8 25. Kg2
Ne5 26. Ra8 1/2-1/2

[Event "IMSA Elite Mind Games (Blitz)"]
[Site "Huai'an CHN"]
[Date "2016.02.29"]
[EventDate "2016.02.28"]
[Round "20.3"]
[Result "0-1"]
[White "Laurent Fressinet"]
[Black "Ding Liren"]
[WhiteElo "2700"]
[BlackElo "2766"]
[PlyCount "58"]

1. Nf3 d5 2. g3 g6 3. Bg2 Bg7 4. d4 Nf6 5. O-O O-O 6. c4 c6
7. b3 dxc4 8. bxc4 c5 9. Bb2 Qb6 10. Qb3 cxd4 11. Nxd4 Na6
12. e3 Nc5 13. Qa3 e5 14. Nb5 Be6 15. Nd2 Rad8 16. Rfd1 Rd3
17. Nb3 Rfd8 18. Rxd3 Nxd3 19. Bc3 Rd7 20. Qxa7 Qxa7 21. Nxa7
Bxc4 22. Rd1 Nd5 23. Ba1 N5b4 24. Na5 Ba6 25. Bf1 e4 26. Bxg7
Kxg7 27. Nc8 Nd5 28. Nb3 Rd8 29. Na7 Ra8 0-1

[Event "IMSA Elite Mind Games (Blitz)"]
[Site "Huai'an CHN"]
[Date "2016.03.01"]
[EventDate "2016.02.28"]
[Round "21.7"]
[Result "0-1"]
[White "Ding Liren"]
[Black "Wang Hao"]
[WhiteElo "2766"]
[BlackElo "2717"]
[PlyCount "106"]

1. d4 Nf6 2. c4 e6 3. Nf3 d5 4. g3 Be7 5. Bg2 O-O 6. O-O dxc4
7. Qc2 a6 8. a4 Bd7 9. Qxc4 Bc6 10. Bf4 Bd6 11. Qc1 Nbd7
12. Nc3 Bxf4 13. Qxf4 Bxf3 14. Qxf3 c6 15. a5 Qe7 16. Na4 e5
17. Qb3 Rab8 18. e3 exd4 19. exd4 Rfe8 20. Nc3 Qd6 21. Rfd1 g6
22. d5 c5 23. Re1 Ne5 24. Ne4 Nxe4 25. Rxe4 Re7 26. Rae1 Rbe8
27. Qb6 Nc4 28. Qxd6 Rxe4 29. Qxg6+ fxg6 30. Rxe4 Rxe4
31. Bxe4 Kf7 32. d6 Nxa5 33. Bd5+ Ke8 34. Be6 Nc6 35. f4 b5
36. Kf2 Nd4 37. Bg8 h6 38. h4 Kd7 39. Bf7 g5 40. fxg5 hxg5
41. h5 Nf5 42. Kf3 Kxd6 43. Kg4 Nh6+ 44. Kxg5 Nxf7+ 45. Kf6
Ne5 46. h6 Ng4+ 47. Kg7 Nxh6 48. Kxh6 c4 49. g4 b4 50. g5 c3
51. bxc3 bxc3 52. g6 c2 53. g7 c1=Q+ 0-1

[Event "IMSA Elite Mind Games (Blitz)"]
[Site "Huai'an CHN"]
[Date "2016.03.01"]
[EventDate "2016.02.28"]
[Round "22.2"]
[Result "1/2-1/2"]
[White "Gabriel Sargissian"]
[Black "Ding Liren"]
[WhiteElo "2702"]
[BlackElo "2766"]
[PlyCount "82"]

1. d4 d5 2. c4 c6 3. Nc3 Nf6 4. e3 e6 5. b3 Bb4 6. Bb2 Ne4
7. Ne2 Qf6 8. f3 Bxc3+ 9. Bxc3 Nxc3 10. Nxc3 O-O 11. f4 Nd7
12. Be2 dxc4 13. bxc4 c5 14. O-O Rd8 15. Qd2 cxd4 16. exd4 b6
17. f5 Bb7 18. fxe6 Qxe6 19. d5 Qe5 20. Rae1 Nf6 21. Bd3 Qd6
22. Qf4 Qxf4 23. Rxf4 Kf8 24. Ne4 Nxe4 25. Rfxe4 Re8 26. Kf2
h6 27. g3 Rad8 28. a4 Bc8 29. a5 Rxe4 30. Bxe4 Re8 31. axb6
axb6 32. Re3 f5 33. Bd3 Rxe3 34. Kxe3 Ke7 35. h4 g5 36. hxg5
hxg5 37. Kd4 Kd6 38. Bc2 Bd7 39. Bd3 Bc8 40. Bc2 Bd7 41. Bd3
Bc8 1/2-1/2

[Event "IMSA Elite Mind Games (Blitz)"]
[Site "Huai'an CHN"]
[Date "2016.03.01"]
[EventDate "2016.02.28"]
[Round "23.8"]
[Result "0-1"]
[White "Ding Liren"]
[Black "David Navara"]
[WhiteElo "2766"]
[BlackElo "2734"]
[PlyCount "118"]

1. Nf3 Nf6 2. c4 b6 3. g3 Bb7 4. Bg2 c5 5. O-O g6 6. d4 cxd4
7. Qxd4 Bg7 8. Nc3 d6 9. Be3 Nbd7 10. Rac1 Rc8 11. b3 Nc5
12. Rfd1 O-O 13. Qh4 Nce4 14. Nxe4 Bxe4 15. Bh6 Rc5 16. Ng5
Bxg2 17. Kxg2 Qa8+ 18. f3 Rfc8 19. Rd4 b5 20. Rf4 bxc4
21. Bxg7 Kxg7 22. Rxf6 Kxf6 23. Ne4+ Kg7 24. Nxc5 Rxc5
25. Rxc4 Re5 26. Qd4 Qb7 27. Rb4 Qa6 28. Kg1 f6 29. e4 Qxa2
30. Rb7 a5 31. Qf2 Qa1+ 32. Kg2 Kf7 33. Qc2 Rc5 34. Qd3 Qb2+
35. Kh3 Rh5+ 36. Kg4 Qxh2 37. Qc4+ Kg7 38. Rxe7+ Kh6 39. f4
Qh3+ 40. Kf3 Qh1+ 41. Ke3 Qe1+ 42. Kd4 Qd2+ 43. Qd3 Qb4+
44. Qc4 Qd2+ 45. Qd3 Qf2+ 46. Qe3 Qxe3+ 47. Kxe3 Rb5 48. Kd4
Rxb3 49. g4 Rg3 50. g5+ fxg5 51. e5 dxe5+ 52. fxe5 Rg1 53. e6
Re1 54. Kd5 g4 55. Rb7 g3 56. Rb2 Kg5 57. Kd6 Kg4 58. e7 Kh3
59. Kd7 g2 0-1

[Event "IMSA Elite Mind Games (Blitz)"]
[Site "Huai'an CHN"]
[Date "2016.03.01"]
[EventDate "2016.02.28"]
[Round "24.1"]
[Result "0-1"]
[White "Li Chao"]
[Black "Ding Liren"]
[WhiteElo "2751"]
[BlackElo "2766"]
[PlyCount "96"]

1. e4 e5 2. Nf3 Nc6 3. Bc4 Bc5 4. b4 Bxb4 5. c3 Ba5 6. d4 d6
7. Qb3 Qd7 8. O-O Bb6 9. Bb5 a6 10. Ba4 Ba7 11. Na3 Nge7
12. d5 b5 13. Nxb5 axb5 14. Bxb5 O-O 15. dxc6 Qg4 16. Qc2 f5
17. Re1 Ng6 18. h3 Qh5 19. Ng5 Nh4 20. Bc4+ Kh8 21. Qe2 Qg6
22. g3 fxe4 23. gxh4 Rxf2 24. Qxf2 Bxf2+ 25. Kxf2 h6 26. Nf7+
Kh7 27. Bd5 Qf5+ 28. Kg1 Qxh3 29. Bxe4+ Bf5 30. Bg2 Qxh4
31. Be3 Rf8 32. Nxd6 cxd6 33. c7 Be4 34. Re2 Qg3 35. Rf1 Rc8
36. Bf4 exf4 37. Rxe4 Rxc7 38. Rf3 Qg5 39. Rexf4 Rxc3 40. Rxc3
Qxf4 41. Rd3 h5 42. Rf3 Qd4+ 43. Kh2 Qe5+ 44. Kg1 g5 45. a4
Qd4+ 46. Kh2 Qxa4 47. Rf6 Qh4+ 48. Bh3 g4 0-1

[Event "IMSA Elite Mind Games (Blitz)"]
[Site "Huai'an CHN"]
[Date "2016.03.01"]
[EventDate "2016.02.28"]
[Round "25.8"]
[Result "1-0"]
[White "Shakhriyar Mamedyarov"]
[Black "Ding Liren"]
[WhiteElo "2747"]
[BlackElo "2766"]
[PlyCount "127"]

1. d4 d5 2. Nf3 Nf6 3. c4 c6 4. Nc3 e6 5. e3 Nbd7 6. Bd3 dxc4
7. Bxc4 b5 8. Bd3 Bb7 9. a3 b4 10. Ne4 Nxe4 11. Bxe4 bxa3
12. O-O Nf6 13. Bd3 axb2 14. Bxb2 a5 15. Qa4 Bb4 16. Ne5 O-O
17. Nxc6 Qd5 18. Rfc1 Rfc8 19. Bb5 Rab8 20. Rc2 Bxc6 21. Bxc6
Qd8 22. Rac1 Nd5 23. h3 h6 24. Qa2 Bf8 25. Ba3 Bxa3 26. Qxa3
Nb4 27. Rc5 Rxc6 28. Rxc6 Nxc6 29. Rxc6 Qd5 30. Rc5 Qe4
31. Qxa5 Rb1+ 32. Kh2 Rf1 33. Qd2 g6 34. f3 Qb1 35. Rc8+ Kh7
36. Rc7 Rh1+ 37. Kg3 Qb8 38. Qc3 Rb1 39. f4 Rb7 40. Rxb7 Qxb7
41. Qd3 Kg7 42. e4 Qb4 43. d5 exd5 44. exd5 Qd6 45. Qd4+ Kh7
46. Qe5 Qa3+ 47. Kh2 h5 48. d6 h4 49. f5 Qd3 50. fxg6+ Kxg6
51. Qf4 f6 52. Qxh4 Qxd6+ 53. Qg3+ Qxg3+ 54. Kxg3 Kg5 55. Kf3
f5 56. g3 Kg6 57. Kf4 Kf6 58. h4 Kg6 59. h5+ Kf6 60. h6 Kg6
61. h7 Kxh7 62. Kxf5 Kh6 63. g4 Kg7 64. Ke4 1-0

[Event "IMSA Elite Mind Games (Blitz)"]
[Site "Huai'an CHN"]
[Date "2016.03.01"]
[EventDate "2016.02.28"]
[Round "26.2"]
[Result "0-1"]
[White "Ding Liren"]
[Black "Leinier Dominguez Perez"]
[WhiteElo "2766"]
[BlackElo "2732"]
[PlyCount "140"]

1. Nf3 c5 2. c4 Nf6 3. Nc3 Nc6 4. g3 d5 5. cxd5 Nxd5 6. Bg2 g6
7. Ne4 Qb6 8. O-O Bg7 9. d3 Bf5 10. Nfd2 Bxe4 11. Nxe4 O-O
12. Bd2 Rac8 13. Rc1 Nd4 14. e3 Ne6 15. Qa4 Rfd8 16. b3 Qc6
17. Qxc6 Rxc6 18. Rc2 Rc7 19. Rfc1 b6 20. g4 Rcd7 21. f4 Nec7
22. g5 Nb5 23. a4 Nbc7 24. Rc4 Na6 25. Kf1 Ndb4 26. d4 Nd3
27. R1c2 cxd4 28. exd4 Bxd4 29. b4 Bg7 30. Rc8 Naxb4 31. R2c7
Rd4 32. Rxd8+ Rxd8 33. Rxe7 a5 34. Rb7 Nc5 35. Nxc5 bxc5
36. Ke2 Rc8 37. Bxb4 cxb4 38. Bd5 Rf8 39. Kd3 Bb2 40. Kc4 Bc1
41. h4 Bxf4 42. Kb5 Bg3 43. Kxa5 Bxh4 44. Kxb4 Bxg5 45. a5
Bd2+ 46. Kb5 Bxa5 47. Kxa5 Kg7 48. Kb4 h5 49. Kc3 g5 50. Kd4
Kg6 51. Ke3 f5 52. Rb6+ Rf6 53. Rxf6+ Kxf6 54. Kf3 h4 55. Bc6
Ke5 56. Bd7 g4+ 57. Kg2 Kf4 58. Bc8 Kg5 59. Bd7 f4 60. Kf2 f3
61. Bc6 Kf4 62. Bd7 h3 63. Kg1 Kg3 64. Bb5 h2+ 65. Kh1 Kf2
66. Bc6 Kg3 67. Bb5 Kf2 68. Bc6 Kf1 69. Kxh2 Kf2 70. Kh1 g3
0-1

[Event "IMSA Elite Mind Games (Blitz)"]
[Site "Huai'an CHN"]
[Date "2016.03.01"]
[EventDate "2016.02.28"]
[Round "27.7"]
[Result "1/2-1/2"]
[White "Evgeny Tomashevsky"]
[Black "Ding Liren"]
[WhiteElo "2728"]
[BlackElo "2766"]
[PlyCount "67"]

1. e4 e5 2. Nf3 Nc6 3. Bb5 a6 4. Ba4 Nf6 5. O-O Nxe4 6. d4 b5
7. Bb3 d5 8. dxe5 Be6 9. Nbd2 Nc5 10. c3 Be7 11. Bc2 d4
12. Nb3 d3 13. Bb1 Nxb3 14. axb3 Bf5 15. Be3 O-O 16. Nd4 Nxd4
17. cxd4 c5 18. Bxd3 cxd4 19. Bxf5 dxe3 20. fxe3 Bc5 21. Bxh7+
Kxh7 22. Qc2+ Kg8 23. Qxc5 Qg5 24. Rad1 Rac8 25. Qd4 Rce8
26. Qf4 Qxe5 27. Qxe5 Rxe5 28. Rd3 Rc8 29. Rf2 Rc1+ 30. Rf1
Rc2 31. Rf2 Rc1+ 32. Rf1 Rc2 33. Rf2 Rc1+ 34. Rf1 1/2-1/2

[Event "IMSA Elite Mind Games (Blitz)"]
[Site "Huai'an CHN"]
[Date "2016.03.01"]
[EventDate "2016.02.28"]
[Round "28.3"]
[Result "1-0"]
[White "Ding Liren"]
[Black "Wang Yue"]
[WhiteElo "2766"]
[BlackElo "2718"]
[PlyCount "109"]

1. d4 g6 2. g3 Bg7 3. Bg2 d5 4. Nf3 c6 5. O-O Nf6 6. b3 O-O
7. Bb2 Bf5 8. c4 a5 9. cxd5 cxd5 10. Nc3 Nc6 11. Ne5 Ne4
12. Nxc6 bxc6 13. Na4 Nd6 14. Rc1 Bd7 15. e3 Re8 16. Qe2 Nb7
17. Rc2 e6 18. Ba3 e5 19. dxe5 Bxe5 20. Rfc1 h5 21. Qd2 Nd6
22. f4 Nb5 23. Bb2 Bxb2 24. Rxb2 Qe7 25. Kf2 Rad8 26. Nc5 Bf5
27. a4 Nd6 28. Qd4 Rb8 29. Rd2 Rb4 30. Qc3 Be4 31. Bf1 Bf5
32. Rd4 Rbb8 33. Re1 Qa7 34. Bg2 Re7 35. Bf3 Bg4 36. Bg2 Rbe8
37. h3 Bc8 38. Rdd1 Qb6 39. Rc1 Qa7 40. Kg1 Qb6 41. Kh2 Nf5
42. e4 d4 43. Qd2 Ne3 44. Qxd4 Nxg2 45. Kxg2 Rd8 46. Qc3 Ree8
47. Rcd1 Be6 48. Rxd8 Qxd8 49. Re2 Qd1 50. Rd2 Bxh3+ 51. Kxh3
Qh1+ 52. Rh2 Qf1+ 53. Kh4 Rd8 54. Qf6 Rd1 55. Kg5 1-0

[Event "IMSA Elite Mind Games (Blitz)"]
[Site "Huai'an CHN"]
[Date "2016.03.01"]
[EventDate "2016.02.28"]
[Round "29.6"]
[Result "1-0"]
[White "Vassily Ivanchuk"]
[Black "Ding Liren"]
[WhiteElo "2710"]
[BlackElo "2766"]
[PlyCount "91"]

1. e4 e5 2. f4 exf4 3. Bc4 Nf6 4. Nc3 c6 5. Bb3 d5 6. exd5
cxd5 7. d4 Bb4 8. Ne2 Bg4 9. Qd3 O-O 10. O-O f3 11. gxf3 Bh5
12. Bg5 Bg6 13. Qb5 Be7 14. Bxf6 Bxf6 15. Nxd5 Nc6 16. c3 Bh4
17. Nef4 Qd6 18. Nxg6 Qxg6+ 19. Kh1 Rae8 20. Rg1 Qh6 21. Rg2
Ne7 22. Qxb7 Nf5 23. Qd7 Re6 24. Bc2 Ne3 25. Nxe3 Rxe3 26. Qf5
g6 27. Bb3 Kh8 28. Qh3 Rfe8 29. Bxf7 Rf8 30. Bd5 Rf5 31. Be4
Rh5 32. Qc8+ Kg7 33. Qd7+ Kh8 34. Qc8+ Kg7 35. Qc7+ Kh8
36. Qb8+ Kg7 37. Qxa7+ Kh8 38. Qb8+ Kg7 39. Rf1 Bf6 40. Qc7+
Kh8 41. Qc8+ Kg7 42. Qd7+ Kf8 43. Bd5 Be7 44. Qc8+ Kg7
45. Qg8+ Kf6 46. Qf7# 1-0

[Event "IMSA Elite Mind Games (Blitz)"]
[Site "Huai'an CHN"]
[Date "2016.03.01"]
[EventDate "2016.02.28"]
[Round "30.4"]
[Result "0-1"]
[White "Ding Liren"]
[Black "Rauf Mamedov"]
[WhiteElo "2766"]
[BlackElo "2650"]
[PlyCount "64"]

1. d4 g6 2. c4 Bg7 3. g3 d6 4. Bg2 Nd7 5. Nc3 e5 6. Nf3 exd4
7. Nxd4 Ne7 8. h4 h6 9. O-O O-O 10. e4 Nc6 11. Nxc6 bxc6
12. h5 Ne5 13. c5 Ba6 14. f4 Nd3 15. hxg6 fxg6 16. Be3 Nxb2
17. Qb3+ Nc4 18. Bf2 Rb8 19. Qa4 Bb5 20. Qc2 Ba6 21. Rad1 Rb2
22. Qc1 Qe7 23. Rfe1 Kh7 24. Bf1 Rfb8 25. e5 d5 26. Bd3 Qe6
27. Ne2 Qg4 28. Kg2 Rxa2 29. Nd4 Rbb2 30. Nc2 Nxe5 31. fxe5
Bxd3 32. Rxd3 Rxc2 0-1

[Event "Chinese Chess League"]
[Site "CHN"]
[Date "2016.04.12"]
[EventDate "2016.04.12"]
[Round "1.6"]
[Result "0-1"]
[White "Qi b Chen"]
[Black "Ding Liren"]
[WhiteElo "2225"]
[BlackElo "2777"]
[PlyCount "68"]

1. e4 g6 2. d4 Bg7 3. Nc3 d6 4. f4 a6 5. Nf3 Nd7 6. Bd3 c5
7. dxc5 Nxc5 8. O-O Nf6 9. a4 O-O 10. Kh1 b6 11. Qe1 Bb7
12. f5 b5 13. fxg6 fxg6 14. Bg5 b4 15. Nd5 Nxd3 16. cxd3 Nxd5
17. exd5 Rf7 18. Qxb4 Bxd5 19. Rae1 Qd7 20. Qh4 e6 21. Bh6
Bxh6 22. Qxh6 Raf8 23. Qh4 Rf4 24. Qg3 Qxa4 25. Nd2 Qd4
26. Rxf4 Rxf4 27. h3 e5 28. Ne4 Kg7 29. Nc3 Bc6 30. Ne2 Qf2
31. Kh2 Qxg3+ 32. Kxg3 Rb4 33. Rb1 Bb5 34. Nc1 Rd4 0-1

[Event "Chinese Chess League"]
[Site "CHN"]
[Date "2016.04.13"]
[EventDate "2016.04.12"]
[Round "2.1"]
[Result "0-1"]
[White "Chang Liu"]
[Black "Ding Liren"]
[WhiteElo "2376"]
[BlackElo "2777"]
[PlyCount "120"]

1. e4 c5 2. Nf3 d6 3. d4 cxd4 4. Nxd4 Nf6 5. Nc3 a6 6. h3 e5
7. Nde2 h5 8. g3 Be6 9. Bg2 b5 10. Bg5 Nbd7 11. Nd5 Bxd5
12. exd5 Be7 13. O-O O-O 14. a4 b4 15. a5 Qc7 16. Qd2 Rab8
17. Ra4 b3 18. Bxf6 Bxf6 19. cxb3 Nc5 20. Rc4 Nxb3 21. Rxc7
Nxd2 22. Rd1 Rxb2 23. Rc6 e4 24. Rxa6 e3 25. fxe3 Nc4 26. Rc1
Nxe3 27. Bf3 Be5 28. Rb6 Ra2 29. Rb3 Nf5 30. Bxh5 Rxa5 31. Rd3
Rb8 32. Rc2 g6 33. Bg4 Ne7 34. Bf3 Kg7 35. Kf2 Rb4 36. Rcd2
Kf6 37. Bg4 Kg5 38. Bf3 Nf5 39. Bg4 Ne7 40. Bf3 Rc5 41. Rd1
Rcc4 42. Bg4 f5 43. Bf3 Ng8 44. Rc1 Rxc1 45. Nxc1 Rb2+ 46. Ne2
Nf6 47. h4+ Kh6 48. Ke3 g5 49. hxg5+ Kxg5 50. Rd2 Ng4+
51. Bxg4 Rxd2 52. Kxd2 Kxg4 53. Ke3 Bxg3 54. Nd4 Be5 55. Nf3
Bf6 56. Ng1 Bd8 57. Ne2 Bb6+ 58. Kd3 f4 59. Nc3 f3 60. Ne4 Kh3
0-1